[Event "ICS rated blitz match"]
[Site "204.178.125.65"]
[Date "1999.09.23"]
[Round "?"]
[White "Lippy"]
[Black "Hossa"]
[Result "1-0"]
[WhiteElo "2833"]
[BlackElo "2380"]
[PlyCount "102"]
[EventDate "1999.??.??"]

1. e4 e5 2. Nf3 Nc6 3. Bb5 a6 4. Ba4 d6 5. O-O Bg4 6. c3 b5 7. Bb3 Nf6 8. d3
Be7 9. Nbd2 O-O 10. h3 Bh5 11. g4 Bg6 12. Nh4 Kh8 13. Ndf3 Na5 14. Nxg6+ fxg6
15. Ng5 Nxb3 16. Qxb3 Qd7 17. Nf7+ Rxf7 18. Qxf7 Rf8 19. Qb3 Nxg4 20. Qd1 Nf6
21. Kh2 Nh5 22. a4 d5 23. Qg4 Qd6 24. axb5 axb5 25. Kg1 Nf6 26. Qg2 b4 27. Bg5
bxc3 28. bxc3 c6 29. Ra7 Qc5 30. Rb7 Bd8 31. Rc1 Qa3 32. Rbb1 Qa2 33. Ra1 Qb3
34. Ra8 Qb2 35. Qf1 Qb7 36. Rca1 Qd7 37. R1a7 Qd6 38. exd5 cxd5 39. Qb1 Qe6 40.
Qb7 Qg8 41. Bxf6 gxf6 42. Qc6 g5 43. Rxd8 g4 44. Rxf8 Qxf8 45. Ra8 Qxa8 46.
Qxa8+ Kg7 47. Qb7+ Kg6 48. hxg4 h6 49. Qxd5 Kg7 50. Qd7+ Kf8 51. c4 51... e4 {
Hossa resigns} 1-0

[Event "ICS rated blitz match"]
[Site "204.178.125.65"]
[Date "1999.09.11"]
[Round "?"]
[White "Lonnie"]
[Black "Hossa"]
[Result "1-0"]
[WhiteElo "2821"]
[BlackElo "2467"]
[PlyCount "88"]
[EventDate "1999.??.??"]

1. e4 c5 2. Nf3 d6 3. d4 cxd4 4. Nxd4 Nf6 5. Nc3 Nc6 6. Bg5 Nxd4 7. Qxd4 Nd7 8.
Nd5 f6 9. Be2 Kf7 10. Be3 Ne5 11. O-O g6 12. Qc3 Nc6 13. Nf4 Bg7 14. Rad1 Re8
15. Bb5 Bd7 16. Qc4+ Kf8 17. Qd5 Bc8 18. Bc4 e6 19. Qxd6+ Qxd6 20. Rxd6 e5 21.
Bc5 Ne7 22. Nd5 Bg4 23. Nxf6 Rec8 24. Nxh7+ Ke8 25. b4 b6 26. f4 bxc5 27. fxe5
Nc6 28. Rxg6 Bxe5 29. b5 Bh5 30. Rf8+ Kd7 31. bxc6+ Kc7 32. Rf7+ Kb6 33. Rb7+
Ka5 34. Rg5 Bd4+ 35. Kf1 Bd1 36. Rg3 Ka4 37. Bb3+ Ka5 38. Bd5 Be3 39. Rxe3 Ka4
40. c7 Rxc7 41. Rxc7 Bxc2 42. Rxc5 Rh8 43. Rxc2 Rb8 44. Bc6+ 44... Ka5 {
Hossa resigns} 1-0

[Event "ICS rated blitz match"]
[Site "204.178.125.65"]
[Date "1999.09.08"]
[Round "?"]
[White "LrGenius"]
[Black "Hossa"]
[Result "0-1"]
[WhiteElo "2295"]
[BlackElo "2521"]
[PlyCount "44"]
[EventDate "1999.??.??"]

1. e4 c6 2. d4 d5 3. e5 e6 4. Nf3 Nd7 5. Bd3 c5 6. c3 cxd4 7. cxd4 Bb4+ 8. Nc3
Ne7 9. O-O a6 10. a3 Ba5 11. b4 Bb6 12. Na4 Ba7 13. Bg5 O-O 14. Rc1 f6 15. exf6
Nxf6 16. Nc5 a5 17. Re1 axb4 18. axb4 Nc6 19. Nxe6 Bxe6 20. Rxe6 Nxb4 21. Bb1
Rc8 22. Rc7 22... Rxc7 {LrGenius resigns} 0-1

[Event "ICS rated blitz match"]
[Site "204.178.125.65"]
[Date "1999.09.24"]
[Round "?"]
[White "LrGenius"]
[Black "Hossa"]
[Result "0-1"]
[WhiteElo "2161"]
[BlackElo "2446"]
[PlyCount "33"]
[EventDate "1999.??.??"]

1. e4 c5 2. Nf3 e6 3. d4 cxd4 4. Nxd4 a6 5. Bd3 Qc7 6. Qe2 Nc6 7. Nb3 Bd6 8. h3
Nf6 9. Nc3 Be5 10. Bd2 O-O 11. O-O-O d5 12. g3 Nb4 13. Kb1 Nxd3 14. cxd3 d4 15.
Na4 Qc6 16. f4 Bb8 17. Rc1 {LrGenius resigns} 0-1

[Event "ICS rated blitz match"]
[Site "204.178.125.65"]
[Date "1999.09.24"]
[Round "?"]
[White "LrGenius"]
[Black "Hossa"]
[Result "0-1"]
[WhiteElo "2151"]
[BlackElo "2456"]
[PlyCount "64"]
[EventDate "1999.??.??"]

1. e4 c5 2. Nf3 e6 3. d4 cxd4 4. Nxd4 a6 5. Bd3 Qc7 6. Nc3 Bd6 7. h3 Ne7 8. Bd2
O-O 9. Qe2 b6 10. O-O-O Bb7 11. Kb1 Bc5 12. Nb3 d6 13. f4 Nd7 14. h4 d5 15.
exd5 exd5 16. h5 Rfe8 17. h6 g6 18. Qg4 Bd6 19. Nd4 Nc5 20. f5 Nxd3 21. cxd3
Qd7 22. Rdf1 Rac8 23. Qg5 Be5 24. fxg6 Nxg6 25. Nf5 d4 26. Ne4 Bxe4 27. dxe4
Qc6 28. Ka1 Qxe4 29. Re1 Qc6 30. a3 Qf6 31. Qg4 d3 32. Rb1 32... Rc2 {
LrGenius resigns} 0-1

[Event "ICS rated blitz match"]
[Site "204.178.125.65"]
[Date "1999.09.08"]
[Round "?"]
[White "LrGenius"]
[Black "Hossa"]
[Result "0-1"]
[WhiteElo "2217"]
[BlackElo "2530"]
[PlyCount "128"]
[EventDate "1999.??.??"]

1. e4 e6 2. d4 d5 3. e5 c5 4. c3 Nc6 5. Nf3 cxd4 6. cxd4 Bb4+ 7. Nc3 Nge7 8.
Bd3 Bd7 9. O-O Bxc3 10. bxc3 h6 11. Nh4 O-O 12. Qh5 f6 13. Ng6 Be8 14. exf6
Rxf6 15. Nxe7+ Qxe7 16. Qh4 Rc8 17. Bd2 Bg6 18. Bxg6 Rxg6 19. Qxe7 Nxe7 20.
Rab1 b6 21. a4 Nf5 22. f3 Rc4 23. a5 bxa5 24. Rb7 Nh4 25. g3 a6 26. Kf2 Nf5 27.
Rfb1 Rc6 28. Ra7 Rf6 29. Rbb7 h5 30. Ke2 g6 31. g4 hxg4 32. fxg4 Nd6 33. Rg7+
Kh8 34. Rh7+ Kg8 35. Bh6 Rf7 36. Rhxf7 Nxf7 37. Bd2 a4 38. Kd3 a3 39. Kc2 Rb6
40. Bc1 a2 41. Bb2 g5 42. Re7 Kg7 43. Rc7 Kg6 44. c4 dxc4 45. Rxc4 Nd6 46. Ra4
Ne4 47. Rxa2 Nf2 48. Ra5 Nxg4 49. Bc1 Rc6+ 50. Kb1 Nxh2 51. Rxg5+ Kf6 52. Ra5
Nf3 53. Bb2 Rb6 54. Kc2 Ke7 55. Ba3+ Kf7 56. Bb2 Kg6 57. Bc3 Ng5 58. Kd3 Nh3
59. Kc4 Nf4 60. Bd2 Nd5 61. Kc5 Rb2 62. Rxa6 Rc2+ 63. Kd6 Rxd2 64. Kd7 64...
Kf7 {LrGenius resigns} 0-1

[Event "ICS rated blitz match"]
[Site "204.178.125.65"]
[Date "1999.09.28"]
[Round "?"]
[White "LrGenius"]
[Black "Hossa"]
[Result "0-1"]
[WhiteElo "2159"]
[BlackElo "2460"]
[PlyCount "84"]
[EventDate "1999.??.??"]

1. e4 d5 2. exd5 c6 3. dxc6 Nxc6 4. Nf3 e5 5. Bb5 Bd6 6. d3 Nge7 7. O-O O-O 8.
h3 a6 9. Ba4 b5 10. Bb3 Bf5 11. Nc3 Bc7 12. Re1 Qd7 13. Ne4 Ba5 14. Bd2 Bxd2
15. Qxd2 Ng6 16. Ng3 Rfe8 17. Nxf5 Qxf5 18. Bd5 Qd7 19. Bxc6 Qxc6 20. Re4 Rad8
21. Rae1 Qd5 22. Qa5 f6 23. a3 Qa2 24. Qb4 Rc8 25. c4 bxc4 26. Rxc4 Rb8 27. Qa4
Re6 28. Rb4 Reb6 29. Rxb6 Rxb6 30. Rc1 Qe6 31. b4 Nf4 32. Rc7 Nxd3 33. Qc2 Nf4
34. Rc8+ Kf7 35. Qc7+ Kg6 36. Nh4+ Kh6 37. Kh2 Rd6 38. Qxd6 Qxc8 39. a4 Qc2 40.
Qd7 Qxf2 41. Nf5+ Kg5 42. Ne7 42... Qxg2# {LrGenius checkmated} 0-1

[Event "ICS rated blitz match"]
[Site "204.178.125.65"]
[Date "1999.09.08"]
[Round "?"]
[White "LrGenius"]
[Black "Hossa"]
[Result "0-1"]
[WhiteElo "2227"]
[BlackElo "2520"]
[PlyCount "60"]
[EventDate "1999.??.??"]

1. e4 e6 2. d4 d5 3. e5 c5 4. c3 Nc6 5. Nf3 cxd4 6. cxd4 Bb4+ 7. Nc3 Nge7 8.
Bd3 Bd7 9. O-O Bxc3 10. bxc3 h6 11. Rb1 b6 12. Ba3 O-O 13. Re1 Re8 14. Nd2 Rc8
15. Qg4 Nf5 16. Qh3 Qg5 17. Nf3 Qg6 18. Nh4 Qh5 19. Nxf5 Qxh3 20. gxh3 exf5 21.
Ba6 Rcd8 22. Bd6 f4 23. Bc7 Bf5 24. Rbc1 Rd7 25. Bd6 Bxh3 26. Bb5 Rc8 27. c4
Nxd4 28. Bxd7 Bxd7 29. cxd5 Rxc1 30. Rxc1 30... Ne2+ {LrGenius resigns} 0-1

[Event "ICS rated blitz match"]
[Site "204.178.125.65"]
[Date "1999.09.08"]
[Round "?"]
[White "LrGenius"]
[Black "Hossa"]
[Result "1-0"]
[WhiteElo "2208"]
[BlackElo "2539"]
[PlyCount "115"]
[EventDate "1999.??.??"]

1. e4 e6 2. d4 d5 3. e5 c5 4. c3 Nc6 5. Nf3 cxd4 6. cxd4 Bb4+ 7. Nc3 Nge7 8.
Bd3 Bd7 9. O-O Bxc3 10. bxc3 h6 11. Nh4 O-O 12. Qh5 f6 13. Bxh6 fxe5 14. Bxg7
Kxg7 15. dxe5 Rg8 16. Rae1 Qa5 17. Re3 Kf8 18. Rf3+ Nf5 19. Bxf5 exf5 20. Nxf5
Nxe5 21. Qh6+ Ke8 22. Nd6+ Kd8 23. Nxb7+ Kc7 24. Nxa5 Nxf3+ 25. Kh1 Ne5 26. Qf4
Rae8 27. Re1 Rg4 28. Qd2 Nc4 29. Nxc4 Rxe1+ 30. Qxe1 Rxc4 31. Qe3 Kb7 32. Qd3
Bc6 33. h3 Ra4 34. Kh2 Kb6 35. g4 Kc7 36. Qd2 Kd7 37. Kg3 d4 38. cxd4 Bd5 39.
h4 Ra3+ 40. Kf4 Rxa2 41. Qe3 a5 42. h5 Bc4 43. h6 Bg8 44. g5 Bh7 45. Ke5 Rb2
46. Kf6 Bb1 47. d5 Rb4 48. Qe7+ Kc8 49. d6 Rf4+ 50. Kg7 Kb8 51. d7 Rd4 52.
d8=Q+ Rxd8 53. Qxd8+ Kb7 54. Qxa5 Kc6 55. g6 Kb7 56. h7 Bd3 57. h8=Q Bc2 58.
Qha8# {Hossa checkmated} 1-0

[Event "ICS rated blitz match"]
[Site "204.178.125.65"]
[Date "1999.09.07"]
[Round "?"]
[White "MILexi"]
[Black "Hossa"]
[Result "0-1"]
[WhiteElo "2189"]
[BlackElo "2478"]
[PlyCount "52"]
[EventDate "1999.??.??"]

1. e4 Nc6 2. Nf3 e5 3. Nc3 Bb4 4. Nd5 Nf6 5. Nxb4 Nxb4 6. Nxe5 Qe7 7. c3 Qxe5
8. cxb4 Qxe4+ 9. Qe2 O-O 10. Qxe4 Nxe4 11. Bd3 Re8 12. O-O Nf6 13. b3 a5 14. b5
Re6 15. Bb2 Rd6 16. Bc4 Rxd2 17. Bxf6 gxf6 18. Rfe1 Kg7 19. Re8 a4 20. Rae1
Rxa2 21. bxa4 R2xa4 22. Bb3 Rb4 23. Bc2 Rxb5 24. R8e3 Re5 25. Rg3+ Kh8 26. Rxe5
26... Ra1+ {MILexi resigns} 0-1

[Event "ICS rated blitz match"]
[Site "204.178.125.65"]
[Date "1999.10.03"]
[Round "?"]
[White "Maect"]
[Black "Hossa"]
[Result "0-1"]
[WhiteElo "2109"]
[BlackElo "2346"]
[PlyCount "108"]
[EventDate "1999.??.??"]

1. e4 e6 2. d4 d5 3. exd5 exd5 4. Bd3 c5 5. dxc5 Bxc5 6. Ne2 Ne7 7. O-O O-O 8.
Nbc3 Nbc6 9. Be3 b6 10. Bxc5 bxc5 11. Nf4 c4 12. Be2 d4 13. Ne4 Rb8 14. b3 Bf5
15. Ng3 Qd6 16. Nxf5 Nxf5 17. Nh3 cxb3 18. cxb3 Rfe8 19. Bd3 Nce7 20. Qh5 Qg6
21. Qxg6 hxg6 22. Rac1 Rbc8 23. Nf4 Rxc1 24. Rxc1 g5 25. Ne2 g6 26. Kf1 Kg7 27.
Rc7 a5 28. Rd7 Kf6 29. Bxf5 gxf5 30. Nxd4 g4 31. Ra7 Ke5 32. Ne2 Nc6 33. Ra6
Re6 34. Nc1 Rd6 35. Ke2 Nd4+ 36. Kd3 Rxa6 37. Ne2 Nxe2 38. Kxe2 Rh6 39. h3 gxh3
40. gxh3 Rxh3 41. f3 Kf4 42. Kd3 Kxf3 43. Kd4 Rh2 44. Ke5 Rxa2 45. Kxf5 Rb2 46.
Kf6 Ke4 47. Kxf7 Rxb3 48. Ke6 a4 49. Kd6 a3 50. Ke6 a2 51. Kd6 a1=Q 52. Kc6 Qa5
53. Kd7 Rb7+ 54. Kc6 54... Qd5# {Maect checkmated} 0-1

[Event "ICS rated blitz match"]
[Site "204.178.125.65"]
[Date "1999.09.11"]
[Round "?"]
[White "MagusX"]
[Black "Hossa"]
[Result "1-0"]
[WhiteElo "2796"]
[BlackElo "2460"]
[PlyCount "120"]
[EventDate "1999.??.??"]

1. e4 c5 2. Nf3 Nc6 3. d4 cxd4 4. Nxd4 Nf6 5. Nc3 e5 6. Ndb5 d6 7. a4 a6 8. Na3
Be7 9. Bc4 O-O 10. O-O Be6 11. Re1 Qa5 12. Nd5 Bxd5 13. exd5 Nb4 14. c3 Nbxd5
15. b4 Nxc3 16. bxa5 Nxd1 17. Rxd1 Rfd8 18. Bg5 Rac8 19. Bxf6 Bxf6 20. Bd5 Rc7
21. Nc4 Kf8 22. Rab1 Rdd7 23. Nb6 Rd8 24. Rdc1 Rxc1+ 25. Rxc1 e4 26. Bxe4 Bb2
27. Rc8 Rxc8 28. Nxc8 Bc3 29. Nxd6 Bxa5 30. Nxb7 Bc3 31. a5 Ke7 32. Bd3 Kd7 33.
Bxa6 Kc7 34. g3 f6 35. Kg2 g6 36. Nc5 Bxa5 37. Ne6+ Kb6 38. Bc4 Bb4 39. f4 Kc6
40. Kf3 f5 41. h3 h6 42. Nd8+ Kd6 43. Nf7+ Kc5 44. Bd3 Kd4 45. Bxf5 gxf5 46.
Nxh6 Kd5 47. Nxf5 Bc3 48. h4 Bb2 49. Ne3+ Kd4 50. h5 Bc1 51. h6 Bb2 52. Ng4 Bc3
53. h7 Kc5 54. Ne5 Kb4 55. h8=Q Kb3 56. Qg8+ Ka3 57. Qc4 Bb2 58. Ng4 Ba1 59.
Ne3 Bc3 60. Qxc3+ 60... Ka4 {Hossa resigns} 1-0

[Event "ICS rated blitz match"]
[Site "204.178.125.65"]
[Date "1999.09.24"]
[Round "?"]
[White "Malalama"]
[Black "Hossa"]
[Result "1-0"]
[WhiteElo "2380"]
[BlackElo "2395"]
[PlyCount "68"]
[EventDate "1999.??.??"]

1. e4 c5 2. Nf3 d6 3. d4 cxd4 4. Nxd4 Nf6 5. Nc3 a6 6. Bg5 e6 7. f4 Qb6 8. Nb3
Be7 9. Qf3 Nbd7 10. O-O-O O-O 11. Kb1 Rd8 12. Be2 Nc5 13. e5 Nxb3 14. exf6 Bxf6
15. Bxf6 gxf6 16. axb3 d5 17. f5 Rf8 18. Qg4+ Kh8 19. Qh4 Qd8 20. Ne4 Kg7 21.
fxe6 fxe6 22. Bd3 Rh8 23. Qg3+ Kf7 24. Nd6+ Kf8 25. Rdf1 Rg8 26. Qh4 Ke7 27.
Nxc8+ Kd7 28. Qxh7+ Kxc8 29. Rxf6 Rxg2 30. Rxe6 Kb8 31. Qf7 Qa5 32. Qf4+ Ka7
33. Qd4+ Kb8 34. Re8+ 34... Kc7 {Hossa resigns} 1-0

[Event "ICS rated blitz match"]
[Site "204.178.125.65"]
[Date "1999.09.20"]
[Round "?"]
[White "Malalama"]
[Black "Hossa"]
[Result "1-0"]
[WhiteElo "2366"]
[BlackElo "2408"]
[PlyCount "119"]
[EventDate "1999.??.??"]

1. d4 Nf6 2. c4 e6 3. Nc3 Bb4 4. e3 O-O 5. Bd3 d5 6. Nf3 dxc4 7. Bxc4 Ne4 8.
Qd3 Nd6 9. Bb3 Nc6 10. O-O Bd7 11. Bc2 f5 12. a3 Ba5 13. b4 Bb6 14. Na4 Be8 15.
Bb2 Bh5 16. Bd1 Ne4 17. b5 Ne7 18. Nxb6 axb6 19. Ne5 Bxd1 20. Rfxd1 Nd5 21. f3
Nd6 22. Re1 Ra5 23. a4 Qh4 24. Bc3 Nxc3 25. Qxc3 Rc8 26. Qd2 Rca8 27. Rec1 Qe7
28. Qb4 Re8 29. Qc3 Rc8 30. Qc2 Kh8 31. Re1 Rca8 32. Nc4 Nxc4 33. Qxc4 e5 34.
Qc2 exd4 35. exd4 Qd7 36. Qc4 f4 37. d5 Qf7 38. Re4 g5 39. Qd4+ Kg8 40. Qe5 h6
41. Rc1 Rc8 42. Rec4 Rd8 43. Rxc7 Rxd5 44. Qe4 Rd7 45. Rxd7 Qxd7 46. Qg6+ Kf8
47. Qxh6+ Kg8 48. Qxg5+ Kh7 49. Qxf4 Qd5 50. Rc7+ Kg6 51. Qg4+ Qg5 52. Qe4+ Qf5
53. Qe8+ Kg5 54. Qe7+ Kh5 55. g4+ Qxg4+ 56. fxg4+ Kxg4 57. Qe6+ Kf4 58. Rc4+
Kg5 59. Rg4+ Kh5 60. Qg6# {Hossa checkmated} 1-0

[Event "ICS rated blitz match"]
[Site "204.178.125.65"]
[Date "1999.10.03"]
[Round "?"]
[White "Malalama"]
[Black "Hossa"]
[Result "1-0"]
[WhiteElo "2362"]
[BlackElo "2500"]
[PlyCount "90"]
[EventDate "1999.??.??"]

1. d4 d5 2. c4 c6 3. Nc3 dxc4 4. e4 b5 5. a4 b4 6. Na2 e5 7. Nf3 b3 8. Nc3 exd4
9. Qxd4 Qxd4 10. Nxd4 Ba6 11. Be2 Bb4 12. Bd2 Ne7 13. O-O O-O 14. Rfd1 Rd8 15.
Bg5 Bxc3 16. bxc3 f6 17. Be3 Nc8 18. Ne6 Rd7 19. Rxd7 Nxd7 20. Nc7 b2 21. Rb1
Nd6 22. Nxa8 Nxe4 23. Rxb2 Nxc3 24. Bxa7 Nxa4 25. Rb4 Nc3 26. Bxc4+ Bxc4 27.
Rxc4 Ne2+ 28. Kf1 Ne5 29. Rb4 Nc3 30. f4 Ng4 31. h3 Nh6 32. Nc7 Nf5 33. g4 Ne7
34. Rb7 Kf7 35. f5 Ne4 36. Ne6 g6 37. Nd4 Ke8 38. Rc7 c5 39. Bxc5 Nxc5 40. Rxc5
Kd7 41. Rb5 g5 42. Rb8 Nd5 43. Rb7+ Kd6 44. Rxh7 Nc3 45. Rb7 45... Ne4 {
Hossa resigns} 1-0

[Event "ICS rated blitz match"]
[Site "204.178.125.65"]
[Date "1999.09.18"]
[Round "?"]
[White "Malalama"]
[Black "Hossa"]
[Result "1/2-1/2"]
[WhiteElo "2327"]
[BlackElo "2475"]
[PlyCount "106"]
[EventDate "1999.??.??"]

1. e4 c5 2. Nf3 Nc6 3. d4 cxd4 4. Nxd4 e6 5. Nc3 a6 6. Be2 Bb4 7. O-O Bxc3 8.
bxc3 Nf6 9. Nxc6 dxc6 10. Qxd8+ Kxd8 11. Rd1+ Ke8 12. f3 a5 13. Bf4 b5 14. Rd2
Ra7 15. c4 b4 16. Rd6 Bd7 17. e5 Ng8 18. Rad1 Ne7 19. R6d3 Rb7 20. a3 Ng6 21.
Bg3 c5 22. axb4 axb4 23. f4 Ra7 24. Bf3 Rc7 25. Be4 Ke7 26. R3d2 Rd8 27. Rd6
Ke8 28. R6d3 Ra7 29. R3d2 Ne7 30. Bf2 Ra5 31. Rd3 h6 32. Bf3 g6 33. R3d2 g5 34.
fxg5 hxg5 35. Be3 g4 36. Bxg4 Nc6 37. Bg5 Nxe5 38. Bf6 Nxg4 39. Bxd8 Kxd8 40.
Rxd7+ Ke8 41. Rc7 Ne5 42. h3 Nxc4 43. Rdd7 Ne5 44. Rd6 c4 45. Rb6 Kd8 46. Rcb7
Ra2 47. Kh2 Rxc2 48. Ra6 Kc8 49. Re7 Kb8 50. Rd6 Kc8 51. Ra6 Kb8 52. Rb6+ Kc8
53. Ra6 53... Kb8 {Game drawn by repetition} 1/2-1/2

[Event "ICS rated blitz match"]
[Site "204.178.125.65"]
[Date "1999.09.18"]
[Round "?"]
[White "Malalama"]
[Black "Hossa"]
[Result "1-0"]
[WhiteElo "2323"]
[BlackElo "2479"]
[PlyCount "82"]
[EventDate "1999.??.??"]

1. d4 Nf6 2. c4 e6 3. Nf3 Na6 4. Nbd2 c5 5. Nb3 cxd4 6. Qxd4 Bb4+ 7. Bd2 O-O 8.
O-O-O b6 9. Bxb4 Nxb4 10. Qd6 Ng4 11. Qg3 Nh6 12. Kb1 Nf5 13. Qf4 d5 14. e4 Ne7
15. Qd2 Nec6 16. exd5 exd5 17. Qf4 Ne7 18. Ka1 Bf5 19. Rd2 Nc2+ 20. Kb1 Nd4+
21. Bd3 Nxb3 22. axb3 Bg6 23. Bxg6 fxg6 24. Qe5 Kh8 25. Re1 Nf5 26. Rxd5 Qc8
27. Qe6 Qa6 28. Rd7 Rf6 29. Qd5 Qc8 30. g4 Qf8 31. gxf5 Rxf5 32. Ne5 Re8 33.
Nxg6+ hxg6 34. Rxe8 Qxe8 35. Rd8 Qxd8 36. Qxd8+ Kh7 37. Qh4+ Kg8 38. Qe7 Rxf2
39. Qxa7 Kh7 40. Qxb6 Rxh2 41. Qe3 41... Rh1+ {Hossa resigns} 1-0

[Event "ICS rated blitz match"]
[Site "204.178.125.65"]
[Date "1999.10.17"]
[Round "?"]
[White "MaroonBell"]
[Black "Hossa"]
[Result "1-0"]
[WhiteElo "2835"]
[BlackElo "2546"]
[PlyCount "97"]
[EventDate "1999.??.??"]

1. d4 d5 2. c4 e5 3. dxe5 d4 4. Nf3 Nc6 5. g3 f6 6. exf6 Nxf6 7. Bg2 Bb4+ 8.
Nbd2 d3 9. O-O dxe2 10. Qxe2+ Be7 11. Rd1 O-O 12. Nb3 Bd7 13. c5 Kh8 14. Ng5
Qe8 15. Ne6 Bd8 16. Re1 Rf7 17. Nxd8 Re7 18. Qxe7 Nxe7 19. Nxb7 Qf8 20. N7a5
Ned5 21. c6 Be8 22. Bg5 Qf7 23. Rad1 Nb4 24. a3 Nc2 25. Rf1 Rb8 26. Rd2 Qg6 27.
Bxf6 gxf6 28. Bd5 Qf5 29. Rc1 Rb5 30. Bc4 Rxa5 31. Nxa5 Qxa5 32. Rd8 Kg7 33.
Rxe8 Qd2 34. Rf1 Qd6 35. Bb3 Nd4 36. Rd1 Qc5 37. Ba4 Qb6 38. Re7+ Kg6 39. b4 a6
40. Re4 Nf3+ 41. Kg2 f5 42. Re6+ Kf7 43. Bb3 a5 44. Rd7+ Kf8 45. Rf6+ Ke8 46.
Bf7+ Kf8 47. Bg6+ Kg8 48. Bxh7+ Kh8 49. Rf8# {Hossa checkmated} 1-0

[Event "ICS rated blitz match"]
[Site "204.178.125.65"]
[Date "1999.10.16"]
[Round "?"]
[White "MaroonBell"]
[Black "Hossa"]
[Result "1-0"]
[WhiteElo "2825"]
[BlackElo "2527"]
[PlyCount "123"]
[EventDate "1999.??.??"]

1. e4 e5 2. Nf3 d6 3. d4 exd4 4. Nxd4 g6 5. Nc3 Bg7 6. Be3 Nf6 7. f3 O-O 8. Qd2
Nc6 9. O-O-O Re8 10. h4 Nxd4 11. Bxd4 Be6 12. h5 gxh5 13. Kb1 c6 14. Bxf6 Qxf6
15. Qxd6 Rad8 16. Qh2 Qg5 17. Bd3 Bxc3 18. bxc3 Qa5 19. Qxh5 Bxa2+ 20. Kb2 Qxh5
21. Rxh5 Bc4 22. Ra1 Bxd3 23. cxd3 Rxd3 24. Rxa7 Rd2+ 25. Kb3 Rxg2 26. Rxb7 Kg7
27. Rf5 Rf8 28. Rc7 Rg6 29. Kc4 Rg3 30. Rxc6 h6 31. e5 Rg2 32. Rc7 Kg6 33. Rf6+
Kg7 34. Rf4 Re2 35. Rg4+ Kh7 36. f4 h5 37. Rh4 Kg7 38. Kd3 Re1 39. Rxh5 Rd8+
40. Kc2 Re2+ 41. Kb3 Rb8+ 42. Kc4 Re4+ 43. Kc5 Rxf4 44. Rh3 Rf5 45. Kd4 Re8 46.
Re3 Rd8+ 47. Ke4 Rf2 48. e6 Re8 49. Kd5 Kf8 50. e7+ Kg7 51. Re1 Rc2 52. c4 f5
53. Ke6 f4 54. Rg1+ Kh6 55. Kf7 Rb8 56. Rc6+ Kh5 57. Rcg6 Rh2 58. Rg7 Rb6 59.
e8=Q Ra6 60. Qh8+ Rh6 61. R7g5+ Kh4 62. Qxh6# {Hossa checkmated} 1-0

[Event "ICS rated blitz match"]
[Site "204.178.125.65"]
[Date "1999.10.10"]
[Round "?"]
[White "MaroonBell"]
[Black "Hossa"]
[Result "1-0"]
[WhiteElo "2820"]
[BlackElo "2456"]
[PlyCount "82"]
[EventDate "1999.??.??"]

1. d4 Nf6 2. c4 g6 3. Nc3 Bg7 4. e4 d6 5. f3 O-O 6. Be3 e5 7. d5 Nbd7 8. Qd2 b6
9. g4 Ba6 10. O-O-O Kh8 11. h4 Re8 12. h5 gxh5 13. g5 Ng8 14. Qh2 Nf8 15. Qxh5
f6 16. g6 h6 17. Kb1 Nd7 18. Nh3 Rf8 19. Nf2 f5 20. exf5 Ndf6 21. Qh3 Bc8 22.
Bd3 Bd7 23. Rde1 c6 24. Bg5 Qc8 25. dxc6 Bxc6 26. Re2 Bd7 27. Nfd1 Qc5 28. Ne4
Qd4 29. Rd2 Nxe4 30. fxe4 Qc5 31. Nc3 Rfc8 32. Qh4 Rf8 33. Nd5 Qa5 34. b4 Qa3
35. Bxh6 Qxd3+ 36. Rxd3 Rxf5 37. Bxg7+ Kxg7 38. Qh7+ Kf8 39. exf5 Be6 40. fxe6
Nh6 41. Qxh6+ 41... Ke8 {Hossa resigns} 1-0

[Event "ICS rated blitz match"]
[Site "204.178.125.65"]
[Date "1999.10.17"]
[Round "?"]
[White "MaroonBell"]
[Black "Hossa"]
[Result "1-0"]
[WhiteElo "2845"]
[BlackElo "2526"]
[PlyCount "115"]
[EventDate "1999.??.??"]

1. d4 d6 2. e4 Nf6 3. Nc3 Nbd7 4. Nf3 e5 5. Bc4 Be7 6. O-O c5 7. dxe5 dxe5 8.
Qd3 a6 9. Nd5 b5 10. Nxf6+ Nxf6 11. Bd5 Nxd5 12. exd5 Bd6 13. a4 bxa4 14. Rxa4
O-O 15. Ng5 f5 16. Ne6 Qe8 17. Nxf8 Qxa4 18. Ne6 Qg4 19. f4 e4 20. Qc4 Bd7 21.
Re1 Qh4 22. Bd2 Qe7 23. Be3 Bxe6 24. dxe6 Re8 25. Qxa6 Qxe6 26. Rd1 Bf8 27.
Qxe6+ Rxe6 28. Rd5 Rb6 29. Rxf5 Rxb2 30. Bxc5 Bxc5+ 31. Rxc5 Kf7 32. Kf2 Ke6
33. Ke3 Kd6 34. Rc8 Rb4 35. Rh8 Ke7 36. Rxh7 Kf6 37. g4 Rc4 38. h4 Rxc2 39. h5
Rc3+ 40. Kxe4 Rc4+ 41. Ke3 Rc3+ 42. Kd4 Rc8 43. g5+ Kf5 44. Rxg7 Rb8 45. Rf7+
Kg4 46. h6 Kh5 47. Rf6 Rd8+ 48. Ke5 Kg4 49. g6 Kh4 50. g7 Re8+ 51. Kf5 Rd8 52.
h7 Rd5+ 53. Ke4 Rd4+ 54. Ke3 Rd5 55. Rh6+ Rh5 56. Rxh5+ Kxh5 57. g8=Q Kh4 58.
h8=Q# {Hossa checkmated} 1-0

[Event "ICS rated blitz match"]
[Site "204.178.125.65"]
[Date "1999.10.17"]
[Round "?"]
[White "MaroonBell"]
[Black "Hossa"]
[Result "1-0"]
[WhiteElo "2831"]
[BlackElo "2552"]
[PlyCount "151"]
[EventDate "1999.??.??"]

1. e4 d5 2. exd5 Qxd5 3. Nc3 Qa5 4. d4 Nf6 5. Nf3 Bf5 6. Bc4 Ne4 7. Bd2 Nxd2 8.
Qxd2 Qb4 9. b3 e6 10. O-O Nd7 11. Nh4 Bg4 12. Qe3 Be7 13. Nb5 O-O 14. Qg3 c6
15. a3 Qa5 16. Qxg4 cxb5 17. Bd3 Bxh4 18. Qxh4 Nf6 19. Qf4 Qc3 20. Qe3 Rac8 21.
Rad1 a6 22. Rc1 Rfd8 23. Rfd1 Rc6 24. Be2 Qb2 25. Bf3 Rc7 26. c4 Qxa3 27. cxb5
Rxc1 28. Qxc1 Qxb3 29. Qc7 Re8 30. b6 Nd5 31. Qxb7 Nxb6 32. Qxa6 Rb8 33. Qa7
Nc4 34. Qc7 Rf8 35. Bh5 Qc2 36. Qf4 Qc3 37. Bf3 Rc8 38. Rc1 Qb3 39. d5 Nd6 40.
Rxc8+ Nxc8 41. h4 Qb1+ 42. Kh2 Qb6 43. Bg4 h6 44. dxe6 fxe6 45. Qc4 Nd6 46.
Bxe6+ Kh8 47. Qf4 Qd8 48. Kg3 Nb5 49. Bc4 Nd4 50. Qf7 Qc8 51. Bd3 Qd8 52. f4
Ne6 53. Qf5 Qg8 54. h5 Nd4 55. Qe5 Nb3 56. Qc3 Qe6 57. Bc2 Nc1 58. Qd2 Qf7 59.
Qxc1 Qxh5 60. Qa3 Qe8 61. Qd3 Qe1+ 62. Kf3 g6 63. Qa6 Qc3+ 64. Bd3 Qd4 65. Qxg6
Qd5+ 66. Kg3 Qg8 67. Qxg8+ Kxg8 68. Kg4 Kf8 69. Kh5 Ke7 70. f5 Kd6 71. f6 Kd7
72. f7 Kc6 73. f8=Q Kb6 74. Qc8 Ka7 75. Qc7+ Ka8 76. Be4# {Hossa checkmated}
1-0

[Event "ICS rated blitz match"]
[Site "204.178.125.65"]
[Date "1999.10.17"]
[Round "?"]
[White "MaroonBell"]
[Black "Hossa"]
[Result "1-0"]
[WhiteElo "2837"]
[BlackElo "2537"]
[PlyCount "137"]
[EventDate "1999.??.??"]

1. d4 Nf6 2. c4 g6 3. Nc3 Bg7 4. e4 d6 5. f3 O-O 6. Bg5 Nc6 7. Nge2 e5 8. d5
Nb4 9. Qd2 Re8 10. Nb5 Na6 11. Be3 Nc5 12. b4 Ncxe4 13. fxe4 Nxe4 14. Qc1 a5
15. bxa5 Rxa5 16. Nbc3 Qh4+ 17. g3 Qg4 18. Ng1 Nxc3 19. Qxc3 Ra6 20. Be2 Qe4
21. Bf3 Qf5 22. Bg2 Rxa2 23. Rxa2 Qb1+ 24. Kf2 Qxa2+ 25. Ne2 Bg4 26. Re1 Ra8
27. c5 Ra4 28. cxd6 Rc4 29. Qa1 Qxa1 30. Rxa1 cxd6 31. h3 Bc8 32. Bb6 f5 33.
Ke3 e4 34. Ra8 Kf7 35. Ra3 g5 36. Bf1 Bb2 37. Ra8 Kf6 38. Ra2 Be5 39. Ra3 h6
40. Ra8 Kf7 41. Kd2 Bb2 42. Rb8 Kf6 43. Nf4 Rc1 44. Bd4+ Kf7 45. Bxb2 Rxf1 46.
Ne2 Bd7 47. Rxb7 Ke7 48. Nd4 Kd8 49. Ba3 Kc8 50. Rb3 Ba4 51. Rb4 Rd1+ 52. Ke2
Rxd4 53. Rxd4 Bb5+ 54. Ke3 Kc7 55. Rd2 Bd3 56. Rf2 g4 57. h4 Bb1 58. Rxf5 Bd3
59. Rh5 Kb6 60. Rxh6 Kb5 61. Rxd6 Kc4 62. h5 Kb3 63. Rb6+ Kxa3 64. d6 Bb5 65.
Rxb5 Ka4 66. Rb8 Ka3 67. d7 Ka4 68. d8=Q Ka3 69. Qa5# {Hossa checkmated} 1-0